000 01047nam a2200361 a 4500
003 AR-BaBNM
005 20251128205609.0
008 082120s2002 ||||||||||||||000 | spa||
020 _a968-23-0460-1
040 _cAR-BaBNM
245 0 0 _aLa época de la burguesía
250 _a14ª ed.
260 _aMéxico, D.F.
_bSiglo Veintiuno
_c1995
300 _a337 p.
_bmapas, tablas, gráfs.
490 0 _aHistoria Universal siglo XXI
_vv. 27
500 _aIndice alfabético p. 324-337
500 _aCronología p. 297-306
504 _aBibliografía p. 317-323
650 4 _aIDEOLOGIAS
650 4 _aHISTORIA DE LAS IDEAS
650 4 _aCAPITALISMO
650 4 _aHISTORIA SOCIAL
650 4 _aHISTORIA EUROPEA
650 4 _aHISTORIA ECONOMICA
653 0 _aREVOLUCION INDUSTRIAL
653 _aREVOLUCIONES de 1848
700 1 _aDaviet, Jean-Pierre
_ecolaborador
700 1 _aVerley, Patrick
_ecolaborador
700 1 _aPalmade, Guy
_ecompilador
700 1 _aPuga, Santiago
_etraductor
942 _cBK
998 _cMariana
999 _c12063
_d12063